Normal view MARC view
  • National liberation movements

Entry Topical Term

Number of records used in: 4

001 - CONTROL NUMBER

  • control field: 2459

003 - CONTROL NUMBER IDENTIFIER

  • control field: NUST

005 - DATE AND TIME OF LATEST TRANSACTION

  • control field: 20170612121331.0

008 - FIXED-LENGTH DATA ELEMENTS

  • fixed length control field: 170612|| aca||aabn | a|a d

040 ## - CATALOGING SOURCE

  • Original cataloging agency: NUST
  • Transcribing agency: NUST

150 ## - HEADING--TOPICAL TERM

  • Topical term or geographic name entry element: National liberation movements
  • Geographic subdivision: South Africa
  • Form subdivision: Poetry.

670 ## - SOURCE DATA FOUND

  • Source citation: Work cat.: (NUST)0: Farāz, Aḥmad, 1931-2008. 2174, Sab āvāzen̲ merī hain̲ /, 2006
© 2023 Central Library, National University of Sciences and Technology. All Rights Reserved.